000 00792nam a2200265Ia 4500
003 OSt
005 20220925223051.0
006 a|||||r|||| 00| 0
007 ta
008 220923b |||||||| |||| 00| 0 eng d
020 _a0415007992
037 _cGeneral Book
040 _aRTL
_cRTL
_beng
041 _2eng
_aeng
082 _aY:3(/\:87), L1; M9
100 _aLewis I.M.
_964685
245 0 _aEcstatic religion
_b A study of Shamanism and spirit possession
250 _aEd 2
260 _aLondon
_bRoutledge
_c1989
300 _a200p Bibliography: P 185-94
_ccm.
490 _aPelican Anthropology Library
650 _aSociology of Magic and Witchcraft
_9256330
942 _hY:3(/\:87), L1; M9
_cGB
_2CC
999 _c578555
_d578555